00733nam a2200193 a 450000100100000000500170001000800410002702000180006804000130008608200140009910000330011324500770014626000810022330000280030450000210033250400540035395201170040799900150052400000176320200929145706.0090626s2007 sp a 001 0 spa d a9788496421646 aDO-SdBNP axxxbJ61e1 aJiménes, Juan Carlos9573913aEl español :bvalor de un activo económico /cJuan Carlos Jiménes. aMadrid :bInstituto universitario de investigación Ortega y Gasset,c2007. a110 p. :bil. ;c27 cm. aIncluye índice aIncluye referencias bibliográficas (p. 103-110) 001054708MOaGRbGRcCTd2009-06-26iLF1l0oxxx J61ep1763-10r2020-06-25w2020-06-25y4ZPréstamo en sala c1640d1640